LEADER 02628nam 2200601Ia 450 001 9910784628203321 005 20230418214807.0 010 $a1-281-90492-9 010 $a9786611904920 010 $a1-84593-332-X 035 $a(CKB)1000000000395939 035 $a(EBL)369420 035 $a(OCoLC)476204568 035 $a(SSID)ssj0000183150 035 $a(PQKBManifestationID)11198759 035 $a(PQKBTitleCode)TC0000183150 035 $a(PQKBWorkID)10194778 035 $a(PQKB)11284851 035 $a(MiAaPQ)EBC369420 035 $a(Au-PeEL)EBL369420 035 $a(CaPaEBR)ebr10256996 035 $a(EXLCZ)991000000000395939 100 $a20010731h20012001 uy 0 101 0 $aeng 135 $aur|n|---||||| 181 $ctxt$2rdacontent 182 $cc$2rdamedia 183 $acr$2rdacarrier 200 00$aInvasive alien species $ea toolkit of best prevention and management practices /$fedited by Ru?diger Wittenberg and Matthew J.W. Cock ; Global Invasive Species Programme (GISP) [et al.] 210 1$aWallingford, Oxon, UK ;$aNew York :$cCABI Pub.,$d2001. 210 4$aŠ2001 215 $a1 online resource (xii, 228 pages) $cillustrations 300 $a"The toolkit was designed and partially drafted at an international workshop held in Kuala Lumpur, 22-27 March, 1999".--Preface. 311 0 $a0-85199-569-1 320 $aIncludes bibliographical references (p. 228) and indexes. 327 $aINVASIVE ALIEN SPECIES: A Toolkit of Best Prevention and Management Practices; CONTENTS; PREFACE; TOOLKIT SUMMARY; Chapter 1. INTRODUCTION; Chapter 2. BUILDING STRATEGY AND POLICY; Chapter 3. PREVENTION; Chapter 4. EARLY DETECTION; Chapter 5. ASSESSMENT ANDMANAGEMENT; Cgapter 6. HOW TO USE THIS TOOLKIT; LOCALITY INDEX; TAXA INDEX; KEY PUBLICATIONS OF GISP 330 $aThe Global Invasive Species Programme (GISP) was established to address concerns with alien invasive species, formulated in the Convention on Biological Diversity. Its goal is to improve prevention and management of biological invasions, and this book represents a key outcome. 606 $aNonindigenous pests$xControl 606 $aPests$xControl 615 0$aNonindigenous pests$xControl. 615 0$aPests$xControl. 676 $a363.7/8 676 $a577.18 701 $aWittenberg$b Ru?diger$01536987 701 $aCock$b Matthew J. W$01536988 712 02$aGlobal Invasive Species Programme. 801 0$bMiAaPQ 801 1$bMiAaPQ 801 2$bMiAaPQ 906 $aBOOK 912 $a9910784628203321 996 $aInvasive alien species$93786042 997 $aUNINA LEADER 03570nam 2200577 a 450 001 9910438095003321 005 20200520144314.0 010 $a1-283-69748-3 010 $a3-642-30026-X 024 7 $a10.1007/978-3-642-30026-4 035 $a(CKB)2670000000279529 035 $a(EBL)994331 035 $a(OCoLC)818734056 035 $a(SSID)ssj0000797504 035 $a(PQKBManifestationID)11464137 035 $a(PQKBTitleCode)TC0000797504 035 $a(PQKBWorkID)10806503 035 $a(PQKB)10981792 035 $a(DE-He213)978-3-642-30026-4 035 $a(MiAaPQ)EBC994331 035 $a(PPN)168315769 035 $a(EXLCZ)992670000000279529 100 $a20120917d2013 uy 0 101 0 $aeng 135 $aur|n|---||||| 181 $ctxt 182 $cc 183 $acr 200 00$aSpatial microsimulation for rural policy analysis /$fCathal O'Donoghue ... [et al.], editors 205 $a1st ed. 2013. 210 $aNew York $cSpringer$d2013 215 $a1 online resource (275 p.) 225 0$aAdvances in spatial science,$x1430-9602 300 $aDescription based upon print version of record. 311 $a3-642-44736-8 311 $a3-642-30025-1 320 $aIncludes bibliographical references. 327 $a1 Introduction -- 2 The Spatial Policy Context of Economic, Agricultural and Environmental Change in Rural Ireland -- 3 A Review of Microsimulation for Policy Analysis -- 4 The SMILE Model: Construction and Calibration -- 5 Validation Issues and the Spatial Pattern of Household Income -- 6 Farm Level Spatial Microsimulation Modelling -- 7 Conservation and Rural Environmental Protection Scheme -- 8 Modelling Greenhouse Gas Emissions from Agriculture -- 9 The Location Economics of Biomass Production for Electricity Generation -- 10 Modelling Farm Viability -- 11 The Spatial Distribution of Household Disposable Income -- 12 Spatial Access to Health Services -- 13 Modelling the Spatial Pattern of Rural Tourism and Recreation -- 14 Conclusions and Next Steps. 330 $aThe aim of this book is to explore the challenges facing rural communities and economies and to demonstrate the potential of spatial microsimulation for policy and analysis in a rural context. This is done by providing a comprehensive overview of a particular spatial microsimulation model called SMILE (Simulation Model of the Irish Local Economy). The model has been developed over a ten year period for applied policy analysis in Ireland which is seen as an ideal study area given its large percentage of population living in rural areas. The book reviews the policy context and the state of the art in spatial microsimulation against which SMILE was developed, describes in detail its model design and calibration, and presents example of outputs showing what new information the model provides using a spatial matching process. The second part of the book explores a series of rural issues or problems, including the impacts of new or changing government or EU policies, and examines the contribution that spatial microsimulation can provide in each area. 410 0$aAdvances in Spatial Science, The Regional Science Series,$x1430-9602 606 $aPopulation$xStudy and teaching 615 0$aPopulation$xStudy and teaching. 676 $a519.5/2 701 $aO'Donoghue$b Cathal$0127067 801 0$bMiAaPQ 801 1$bMiAaPQ 801 2$bMiAaPQ 906 $aBOOK 912 $a9910438095003321 996 $aSpatial microsimulation for rural policy analysis$94201993 997 $aUNINA LEADER 00961nam0-2200301 --450 001 9911012879703321 005 20250924113424.0 010 $a978-88-290-3180-1 100 $a20250709d2025----kmuy0itay5050 ba 101 0 $aita 102 $aIT 105 $a 001yy 200 1 $a<>filosofia nell'epoca dell'intelligenza artificiale$ecome ci aiuta a vivere negli ambienti tecnologici$fAdriano Fabris 210 $aRoma$cCarocci$d2025 215 $a159 p.$d21 cm 225 1 $aBiblioteca di testi e studi$iFilosofia$v1702 610 0 $aIntelligenza artificiale$aFilosofia e Etica 676 $a006.3$v23$zita 700 1$aFabris,$bAdriano$0162157 801 0$aIT$bUNINA$gREICAT$2UNIMARC 901 $aBK 912 $a9911012879703321 952 $a163 FABA 01$b2025/2703$fFLFBC 952 $a006.3 FAB 1$b13128$fBFS 959 $aFLFBC 959 $aBFS 996 $aFilosofia nell'epoca dell'intelligenza artificiale$94403157 997 $aUNINA